000 00238 a2200109 4500
001 68478
040 _cAnchieta - Itaigara
240 1 0 _aAnfibios, peixes ósseos
_l
245 1 0 _aAnfibios, peixes ósseos
650 4 _aAnfíbios
942 _cMU
999 _c68478
_d68478